MARC

Tag First Indicator Second Indicator Subfields
LEADER 00000cam a2200000Ia 4500
001 in00003500413
006 m o d
007 cr unu||||||||
008 081209s1983 gw a ob 100 0 eng d
005 20260421181441.6
019 |a 624428429  |a 681184547 
020 |a 9783540400363 (electronic bk.) 
020 |a 3540400362 (electronic bk.) 
020 |z 0387123148 
020 |z 9780387123141 
035 |a (OCoLC)277186920  |z (OCoLC)624428429  |z (OCoLC)681184547 
040 |a SPLNM  |b eng  |e pn  |c SPLNM  |d GW5XE  |d OCLCQ  |d COO  |d GW5XE  |d OCLCE  |d OCLCO  |d OCLCF  |d OCLCQ  |d OCLCO  |d UtOrBLW 
042 |a dlr 
049 |a TXAM 
050 4 |a QA3  |b .L28 no. 995  |a QA322.2 
082 0 4 |a 510 s  |a 515.7/32  |2 19 
084 |a 31.46  |2 bcl 
245 0 0 |a Banach spaces, harmonic analysis, and probability theory :  |b proceedings of the Special Year in Analysis, held at the University of Connecticut, 1980-1981 /  |c edited by R.C. Blei and S.J. Sidney. 
264 1 |a Berlin ;  |a New York :  |b Springer-Verlag,  |c 1983. 
300 |a 1 online resource (iv, 173 pages) :  |b illustrations. 
336 |a text  |b txt  |2 rdacontent 
337 |a computer  |b c  |2 rdamedia 
338 |a online resource  |b cr  |2 rdacarrier 
490 1 |a Lecture Notes in Mathematics,  |x 0075-8434 ;  |v 995 
504 |a Includes bibliographical references. 
538 |a Master and use copy. Digital master created according to Benchmark for Faithful Digital Reproductions of Monographs and Serials, Version 1. Digital Library Federation, December 2002.  |u http://purl.oclc.org/DLF/benchrepro0212  |5 MiAaHDL 
583 1 |a digitized  |c 2010  |h HathiTrust Digital Library  |l committed to preserve  |2 pda  |5 MiAaHDL 
588 |a Description based on print version record. 
500 |a Electronic resource. 
650 0 |a Banach spaces  |v Congresses. 
650 0 |a Harmonic analysis  |v Congresses. 
650 0 |a Probabilities  |v Congresses. 
650 6 |a Analyse mathématique  |v Congrès. 
650 6 |a Analyse harmonique  |v Congrès. 
650 6 |a Banach, Espaces de  |v Congrès. 
650 6 |a Probabilités  |v Congrès. 
650 7 |a Banach spaces.  |2 fast  |0 (OCoLC)fst00826389 
650 7 |a Harmonic analysis.  |2 fast  |0 (OCoLC)fst00951490 
650 7 |a Probabilities.  |2 fast  |0 (OCoLC)fst01077737 
650 0 7 |a Banach-Raum.  |2 swd 
650 0 7 |a Kongress.  |2 swd 
650 0 7 |a Harmonische Analyse.  |2 swd 
650 0 7 |a Wahrscheinlichkeitsrechnung.  |2 swd 
650 0 7 |a Wahrscheinlichkeitstheorie.  |2 swd 
655 7 |a Electronic books.  |2 local 
655 7 |a Conference proceedings.  |2 fast  |0 (OCoLC)fst01423772 
700 1 |a Blei, R. C.  |q (Ron C.) 
700 1 |a Sidney, S. J.  |q (Stuart J.) 
710 2 |a SpringerLink (Online service) 
710 2 |a University of Connecticut. 
776 1 8 |i Print version:  |t Banach spaces, harmonic analysis, and probability theory.  |d Berlin ; New York : Springer-Verlag, 1983  |z 0387123148  |w (DLC) 83211563  |w (OCoLC)9974763 
830 0 |a Lecture notes in mathematics (Springer-Verlag) ;  |v 995. 
856 4 0 |u http://proxy.library.tamu.edu/login?url=https://link.springer.com/10.1007/BFb0061883  |z Connect to the full text of this electronic book  |t 0 
994 |a 92  |b TXA 
999 |a MARS 
999 f f |s a42cab75-baa6-31f6-a71c-a78196b46665  |i 14bd092a-9ad6-3a32-b5d5-bcde0ea3f8c1  |t 0 
952 f f |a Texas A&M University  |b College Station  |c Electronic Resources  |s www_evans  |d Available Online  |t 0  |e QA3 .L28 no. 995  |h Library of Congress classification 
998 f f |a QA3 .L28 no. 995  |t 0  |l Available Online